000 00559nam a22002057a 4500
008 240620b mp ||||| |||| 00| 0 mon d
035 _a6655
040 _aUM0146080
_bmon
_cMN-UlNLM
_dMN-UlNLM
_erda
041 _amon
042 _a13989
084 _2NNA
_a78.5
_bБ573
100 _aБонн Р.Е.
245 0 _aЛавлагаа ба мэдээллийн үйлчилгээ
264 _c2001
300 _a753х.
336 _2rdacontent
_atext
_btxt
337 _2rdamedia
_aunmediated
_bn
338 _2rdacarrier
_avolume
_bnc
942 _2NNA
_cBK
999 _c1010573
_d1010630